| 000 | 01208cam a22002774a 4500 | ||
|---|---|---|---|
| 001 | 11998357 | ||
| 005 | 20030709193025.0 | ||
| 008 | 000505s2000 enka b 001 0 eng | ||
| 010 | _a00034269 | ||
| 020 | _a0750648511 (pbk.) | ||
| 040 |
_aDLC _cDLC _dDLC |
||
| 042 | _apcc | ||
| 050 | 0 | 0 |
_aVM156 _b.B457 2000 |
| 082 | 0 | 0 |
_a623.812 _221 _bBER |
| 100 | 1 |
_aBertram, Volker. _97397 |
|
| 245 | 1 | 0 |
_aPractical Ship Hydrodynamics / _cVolker Bertram. |
| 260 |
_aOxford ; _aBoston : _bButterworth-Heinemann, _cc2000. |
||
| 300 |
_ax, 270 p. : _bill. ; _c24 cm. |
||
| 504 | _aIncludes bibliographical references (p. 265-268) and index. | ||
| 650 | 0 |
_aShips _xHydrodynamics. _97398 |
|
| 856 | 4 | 2 |
_3Publisher description _uhttp://www.loc.gov/catdir/description/els031/00034269.html |
| 856 | 4 | 1 |
_3Table of contents _uhttp://www.loc.gov/catdir/toc/els031/00034269.html |
| 942 |
_2ddc _cBB |
||
| 999 |
_c12160 _d12160 |
||